Quiz MHSC - trouve le joueur de l'image - niveau difficile (2020-2025) - Statistiques

Statistiques générales
  • Ce quiz a été pris 70 fois
  • Le résultat moyen est 9 sur 21
Statistiques - réponses
Par images Réponse % Correct
Bingourou Kamara
77%
Damien Le Tallec
72%
Mihailo Ristić
70%
Keagan Larenzo Dolly
57%
Yaël Mouanga
57%
Yanis Ali Issoufou
57%
Axel Gueguin
55%
Mathis Carvalho
47%
Silvan Hefti
45%
Yann Karamoh
43%
Birama Touré
40%
Gabriel Barès
38%
Nicholas Gioacchini
36%
Thibaut Vargas
36%
Béni Makouana
32%
Thibault Tamas
30%
Kelvin Yeboah
28%
Bilal Boutobba
26%
Matheus Thuler
26%
Simon Cara
23%
Milo Metry
11%
Aucun quiz correspondant
Distribution des résultats
% des personnes avec chaque résultat
Percentile par nombre de réponses
Votre historique - résultats
Vous n’avez pas pris ce quiz